00265nam a22001097a 4500003000400000020002200004082001300026100002400039245005500063260002900118300000800147SGT a978-93-92787-43-0 a620bDAH aDAHIYA, DR. MANITA  aTECHNIQUES AND APPLICATIONS IN ENGINEERING SCIENCE aINDIA bS.S. PUB. c2022 a197